00401nam a2200145Ia 4500003000400000008004100004040001600045082002300061100002200084245005200106490002200158650001900180650002600199650003000225GCL140319s9999 xx 000 0 ara d aGCL / cGCL04aطb813.088bى ص1 aيسرى شعيب10aالصغير الخطير / cيسرى شعيب aاطفالناv004aالاطفال04aقصص الاطفال04aالقصص الدينية